Účinok nízkoteplotnej atmosférickej plazmy na kolagénové materiály diplomová práca

Saved in:
Bibliographic Details
Main Author: Stredanská, Terézia
Format: Book
Language:Slovak
Published: Bratislava STU FCHPT 2018
Online Access:View in OPAC
Tags: Add Tag
No Tags, Be the first to tag this record!

MARC

LEADER 00000nam a2200000 a 4500
005 20260127134238.0
008 180822 2018 xo a 001 0 slo d
035 |a vtls011773937 
039 9 |y 201808221007  |z mschk03 
040 |a STUSCHK1  |b slo  |c STUSCHK1  |e AACR2 
100 1 |a Stredanská, Terézia 
245 1 |a Účinok nízkoteplotnej atmosférickej plazmy na kolagénové materiály  |b diplomová práca  |c Terézia Stredanská 
260 |a Bratislava  |b STU FCHPT  |c 2018 
300 |a 77 s.  |b il.  |c 25 cm 
500 |a Študijný program: ochrana materiálov a objektov dedičstva 
500 |a Študijný odbor: chemické technológie 
500 |a Školiace pracovisko: Oddelenie dreva, celulózy a papiera 
500 |a Evid. číslo: FCHPT-13574-61289 
910 |a SCHK95 
999 |c 7728  |d 7728